Statistiques concernant Pays se terminant par "U"

Cliquez ici pour prendre le quiz!

Statistiques générales

  • Ce quiz a été pris 190 fois
  • Le résultat moyen est 4 sur 5

Statistiques - réponses

Réponse% Correct
Pérou
90%
Vanuatu
86%
Tuvalu
82%
Nauru
80%
Guinée Bissau
53%

Distribution des résultats

Percentile par nombre de réponses

% des personnes avec chaque résultat

Votre développement - résultats

Vous n’avez pas pris ce quiz